000
00353nam a2200133Ia 4500
008
231129s9999||||xx |||||||||||||| ||spa||
020
_a
84-8280-999-7
040
_b
spa
082
_a
F843 V531u
100
_a
Verne Julio
245
0
_a
La vuelta al mundo en 80 dias
264
_a
La Oveja Negra
942
_2
ddc
_c
BKS
999
_c
18519
_d
18519